|
|
|
|
| LEADER |
00640nam#a2200217#a#4500 |
| 001 |
007835 |
| 005 |
20160721144449.0 |
| 008 |
011105s1975####ag##################spa#d |
| 040 |
|
|
|a AR-beUNQ
|
| 099 |
|
|
|a 05-C130
|
| 100 |
1 |
|
|a Ceconi, Tulio Alberto
|
| 245 |
0 |
3 |
|a La economía argentina :
|b un análisis de su funcionamiento
|c Tulio Alberto Ceconi.
|
| 260 |
|
|
|a Buenos Aires :
|b El Ateneo,
|c 1975
|
| 300 |
|
|
|a 76 p. :
|b tablas
|
| 648 |
|
4 |
|a 1927-1970
|
| 650 |
|
7 |
|a ECONOMIA
|2 Spines
|
| 651 |
|
7 |
|a ARGENTINA
|2 Spines
|
| 653 |
|
|
|a OLIGOPOLIOS
|
| 929 |
|
|
|a COMPRA
|b Martha Blanco
|d 8E
|e 20011105
|f Patrimonio
|j 30677
|
| 942 |
|
|
|c LIB
|n 0
|
| 999 |
|
|
|c 10404
|d 85791
|